Úverové riziko v úverovom rozhodovaní podniku

Charakteristika úverového rozhodovania. Riziko úverových vzťahov v podniku. Vzťah medzi podnikom-dlžníkom a bankou-veriteľom. Obchodno-úverové vzťahy v podniku veriteľa. Obchodno-úverové vzťahy v podniku dlžníka. Riadenie úverového rizika v podniku. Prvky riadenia úverového rizika. Kontrola úverov...

Descrizione completa

Salvato in:
Dettagli Bibliografici
Autore principale: Nináčová, Valéria
Natura: Capitolo di libro
Lingua:slovacco
Soggetti:
Tags: Aggiungi Tag
Nessun Tag, puoi essere il primo ad aggiungerne!!

MARC

LEADER 00000naa$a2200000$$$4500
001 0063351
005 20231005085927.0
041 0 |a slo 
044 |a SK 
245 1 0 |a Úverové riziko v úverovom rozhodovaní podniku  |c Valéria Nináčová 
520 |a Charakteristika úverového rozhodovania. Riziko úverových vzťahov v podniku. Vzťah medzi podnikom-dlžníkom a bankou-veriteľom. Obchodno-úverové vzťahy v podniku veriteľa. Obchodno-úverové vzťahy v podniku dlžníka. Riadenie úverového rizika v podniku. Prvky riadenia úverového rizika. Kontrola úverového rizika podniku. 
610 2 0 |a rozhodovanie úverové 
610 2 0 |a podnik 
610 2 0 |a veritelia 
610 2 0 |a banky 
610 2 0 |a riadenie rizík 
100 1 |a Nináčová, Valéria